| 000 | 00597nam a2200181Ia 4500 | ||
|---|---|---|---|
| 003 | GCL | ||
| 008 | 140319s9999 xx 000 0 ara d | ||
| 040 |
_aGCL / _cGCL |
||
| 082 | 0 | 4 |
_aم _b539.03 _bل م |
| 245 | 1 | 0 | _aمعجم الفيزيقا النووية والالكترونيات |
| 260 |
_aالقاهرة : _bالهيئة العامة لشئون المطابع الاميرية ، _c1974 |
||
| 300 |
_aمج1 ؛ _c24 سم |
||
| 650 | 0 | 4 | _aالمعاجم |
| 650 | 0 | 4 | _aالفيزياء |
| 650 | 0 | 4 | _aالفيزياء النووية |
| 650 | 0 | 4 | _aالالكترونيات |
| 942 |
_2ddc _cREF |
||
| 999 |
_c59515 _d59515 |
||